00381pab a2200133 454500008004000000100002400040245005200064260000900116300001300125362001100138650004100149650002300190773003400213180718b2009 xxu||||| |||| 00| 0 eng d aShah, Tusaar et al. aSecret of Gujarat's agrarian miracle after 2000 c2009 ap.45-55. a26 Dec aAgrarian economics - India - Gujarat aAgrarian economics aEconomic and Political Weekly